Consciousness and the existence of God : A Theistic argument (Record no. 22771)
[ view plain ]
| 000 -LEADER | |
|---|---|
| fixed length control field | 01019cam a2200217 a 4500 |
| 020 ## - INTERNATIONAL STANDARD BOOK NUMBER | |
| ISBN | 9780415962407 |
| 020 ## - INTERNATIONAL STANDARD BOOK NUMBER | |
| ISBN | 0415962404 |
| 082 00 - DEWEY DECIMAL CLASSIFICATION NUMBER | |
| Classification number | 212.1 |
| Author Cutter | MOR |
| 100 1# - MAIN ENTRY--AUTHOR NAME | |
| Author name | Moreland, James Porter, |
| 245 10 - TITLE STATEMENT | |
| Title | Consciousness and the existence of God : A Theistic argument |
| 260 ## - PUBLICATION, DISTRIBUTION, ETC. (IMPRINT) | |
| Place of publication | New York : |
| Name of publisher | Routledge, |
| Year of publication | 2008. |
| 300 ## - PHYSICAL DESCRIPTION | |
| Number of Pages | xii, 242 p. ; |
| 505 0# - FORMATTED CONTENTS NOTE | |
| Formatted contents note | The epistemic backdrop for locating consciousness in a naturalist ontology -- The argument from consciousness -- John Searle and contingent correlation -- Timothy O'Connor and emergent necessitation -- Colin McGinn and mysterian "naturalism" -- David Skrbina and panpsychism -- Philip Clayton and pluralistic emergentist monism -- Science and strong physicalism -- AC, dualism and the fear of God. |
| 650 #0 - SUBJECT ADDED ENTRY--TOPICAL TERM | |
| Topical Term | Consciousness. |
| 650 #0 - SUBJECT ADDED ENTRY--TOPICAL TERM | |
| Topical Term | Naturalism. |
| 650 #0 - SUBJECT ADDED ENTRY--TOPICAL TERM | |
| Topical Term | Theism. |
| 856 41 - ELECTRONIC LOCATION AND ACCESS | |
| Uniform Resource Identifier | http://www.loc.gov/catdir/toc/ecip0727/2007037875.html |
| 856 42 - ELECTRONIC LOCATION AND ACCESS | |
| Uniform Resource Identifier | http://www.loc.gov/catdir/enhancements/fy1102/2007037875-b.html |
| 942 ## - ADDED ENTRY ELEMENTS (KOHA) | |
| Koha item type | Books |
| Home library | Current library | Shelving location | Date acquired | Full call number | Accession Number | Koha item type |
|---|---|---|---|---|---|---|
| Henry Martyn Institute Library | Henry Martyn Institute Library | General stacks | 10/22/2019 | 212.1 MOR | 25651 | Books |
